Internal combustion engines (Record no. 24482)

000 -LEADER
fixed length control field 00576nam a22002051 4500
001 - CONTROL NUMBER
control field 24482
003 - CONTROL NUMBER IDENTIFIER
control field BD-DhUET
008 - FIXED-LENGTH DATA ELEMENTS--GENERAL INFORMATION
fixed length control field 681231s1968 paua b 001 0 eng
040 ## - CATALOGING SOURCE
Original cataloging agency DLC
Transcribing agency DLC
Modifying agency BD-DhUET
082 00 - DEWEY DECIMAL CLASSIFICATION NUMBER
Classification number 621.43
Item number OBE/1968
100 ## - MAIN ENTRY--PERSONAL NAME
Personal name Obert, Edward F.
245 10 - TITLE STATEMENT
Title Internal combustion engines
250 ## - EDITION STATEMENT
Edition statement 3rd ed.
260 ## - PUBLICATION, DISTRIBUTION, ETC. (IMPRINT)
Place of publication, distribution, etc. Scranton
Name of publisher, distributor, etc. International Textbook
Date of publication, distribution, etc. 1968
300 ## - PHYSICAL DESCRIPTION
Extent xiii, 736p.
Other physical details illus
490 0# - SERIES STATEMENT
Series statement International textbooks in mechanical engineering
504 ## - BIBLIOGRAPHY, ETC. NOTE
Bibliography, etc Includes bibliographies
650 #0 - SUBJECT ADDED ENTRY--TOPICAL TERM
Topical term or geographic name as entry element Internal combustion engines
942 ## - ADDED ENTRY ELEMENTS (KOHA)
Koha item type General Book
Holdings
Shelving location Copy number Location (home branch) Source of classification or shelving scheme Damaged status Not for loan Price effective from Piece designation (barcode) Koha date last seen Koha date last borrowed Date acquired Sublocation or collection (holding branch) Withdrawn status Koha normalized classification for sorting Lost status Koha full call number Koha issues (times borrowed) Koha item type
Circulation section1Central Library, BUET   2015-05-09190632019-11-182019-09-282015-05-09Central Library, BUET 621_430000000000000_OBE_1968 621.43/OBE/19682General Book
Reading section2Central Library, BUET   2015-06-16320072015-06-16 2015-06-16Central Library, BUET 621_430000000000000_OBE_1968 621.43/OBE/1968 General Book
Reading section3Central Library, BUET   2015-06-16404372015-06-16 2015-06-16Central Library, BUET 621_430000000000000_OBE_1968 621.43/OBE/1968 Reading Item
Reading section4Central Library, BUET   2015-06-23190602015-06-23 2015-06-23Central Library, BUET 621_430000000000000_OBE_1968 621.43/OBE/1968 Reading Item
Reading section5Central Library, BUET   2015-07-03321172015-07-03 2015-07-03Central Library, BUET 621_430000000000000_OBE_1968 621.43/OBE/1968 Reading Item